Пятнадцатилетний капитан: пер. с фр.

Bibliografski detalji
Glavni autor: Верн Ж. Жюль
Jezik:ruski
Izdano: Ижевск, Удмуртия, 1990
Teme:
Format: MixedMaterials Knjiga
KOHA link:https://koha.lib.tpu.ru/cgi-bin/koha/opac-detail.pl?biblionumber=85275

MARC

LEADER 00000nam0a2200000 4500
001 85275
005 20231101213416.0
010 |a 5765900496 
035 |a (RuTPU)RU\TPU\book\91620 
035 |a RU\TPU\book\85965 
090 |a 85275 
100 |a 20051111d1990 m y0rusy50 ca 
101 1 |a rus  |c fre 
102 |a RU 
105 |a a z 000ay 
200 1 |a Пятнадцатилетний капитан  |e пер. с фр.  |f Ж. Верн 
210 |a Ижевск  |c Удмуртия  |d 1990 
215 |a 448 с. 
610 1 |a французская литература 
610 1 |a романы 
610 1 |a приключения 
675 |a 84  |v 3 
700 1 |a Верн  |b Ж.  |c французский писатель  |f 1828-1905  |g Жюль  |2 stltpush  |3 (RuTPU)RU\TPU\pers\20608  |9 8348 
801 1 |a RU  |b 63413507  |c 20050830  |g PSBO 
801 2 |a RU  |b 63413507  |c 20180115  |g PSBO 
942 |c BK